01451cam a2200361 a 4500003000500000005001700005008004100022010001000063011001000073020001500083035001000098040000900108082001200117100003300129245010600162260004400268300002300312490004100335590004100376590004100417590004100458590004200499650004600541650005500587711011600642830004800758901000700806905002400813942001000837949008300847999001700930952014200947CHAP20220329142343.0000914d1997 us r 10100 eng d a82245 a83217 a0306460262 a93728 cCHAP04a628bP300aPawloski, Lucjaneed.98631610aChemistry for the protection of the enviroment 3 :bproceedingsc/ed. by lucjan Pawloski [and others] aNew York, N.Y. :bPlenum Press,c1998.. a344 p. :bgráfs. 0aEnvironmental science researchvv.55 aBATCH-UPDb10c20130110lUCH01h0654 aBATCH-UPDb10c20130410lUCH01h0339 aBATCH-UPDb10c20130914lUCH01h1556 aCONVERSIONb10c20130109lUCH01h134614aIngeniería ambientalxCongresos.95820814aMedio ambientexInvestigaciónxCongresos.9740940 aInternational Conference on Chemistry for the Protection of the environmentd(11 : 1997 :cCairo, Egypt)9596040 aEnvironmental science researchvv.55937187 aBK aMayto Villalobos S. cLIBRO a628 P3bBCcLIBROd33724000794376eLIBROgI.205559h97927i93728sit$1.358.00 c82245d82245 00102ddc4052708GRALaBCbBCcPP_GRALd2019-12-31eI.205559fLIBROl0o628 P3p33724000794376r2019-12-31 00:00:00w2019-12-31yLIBRO